00278nam a2200121Ia 4500008004100000100001500041245004600056260001200102260001100114260000900125300000700134650001500141160226s9999 xx 000 0 und d10aSilva,M.A. aPackaging & Storage Methods of Chocolates aColombo bIchemc c2015 a19 a Chocolate